Normal view
MARC view
- Escalante Betancourt, Yuri Alex
Entry Nombre Personal
001 - NUMERO DE CONTROL
- campo de control: 36252
003 - IDENTIFICADOR DE NUMERO DE CONTROL
- campo de control: UPN
005 - FECHA Y HORA DE LA ÜLTIMA TRANSACCIÓN
- campo de control: 20210219194512.0
008 - DATOS DE LONGITUD FIJA
- campo de control de longitud fija: nabaccnnaabn|||||||||| b |nc|||||d
035 ## - NUMERO DE CONTROL
- Número de control: UPN11000008359
040 ## - FUENTE DE CATALOGACIÓN
- Lenguaje de catalogación: SPA
- Agencia de transcripción: UPN
100 1# - ENCABEZAMIENTO - NOMBRE PERSONAL
- Nombre personal: Escalante Betancourt, Yuri Alex
400 1# - VEÁSE - NOMBRE DE PERSONA
- Personal name: Escalante Betancourt, Yuri
670 ## - FUENTE EN LA QUE SE LOCALIZARON DATOS
- Cita de la fuente: T
- Información localizada: Derechos de los pueblos indígenas y discriminación étnica o racial
680 ## - NOTA PUBLICA DE ACCESO PÚBLICO
- Frase explicativa de la referencia: Licenciado en Etnohistoria por la Escuela Nacional de Antropología e Historia (ENAH), tiene el grado de Maestro en Antropología Social del Centro de Investigaciones y Estudios Superiores en Antropología Social (CIESAS)
902 ## - CATALOGADOR
- Catalogador: MCM/111214
